000 00683nam a2200205 i 4500
001 20446
003 ES-MaACL
005 20230906152315.0
007 t|
008 021112s1893 sp ||||1| spa d
080 _a239(04)
100 0 _aAgustín
_cSanto, Obispo de Hipona.
_9125563
245 1 3 _aLa ciudad de Dios /
_cpor San Agustín, Obispo de Hipona ; traducida directamente del latín por José Cayetano Díaz de Beyral.
260 _aMadrid :
_b[s.n.],
_c1893 (
_fVda. de Hernando)
300 _a4 v. ;
_c17 cm.
650 4 _aReino de Dios.
_9139635
650 0 4 _aApologética.
_99921
700 1 _aDíaz de Beyral, José Cayetano.
_944217
852 _aES-MaACL
_jF-13015-18
999 _c20446
_d20446